Ikonen : Faszination und Wirklichkeit /

Saved in:
Bibliographic Details
Main Author: Onasch, Konrad.
Other Authors: Schnieper, Annemarie.
Format: Book
Language:German
Published: Freiburg : Herder, c1995.
Subjects:
Tags: Add Tag
No Tags, Be the first to tag this record!
LEADER 00767nam a2200253Ma 4500
001 007796285-0
005 20050329174612.0
008 960307s1995 gw a b 001 0 ger d
020 |a 3451235331 
035 0 |a ocm34379693 
040 |a PUL  |c PUL  |d DDO 
050 1 4 |a N8187  |b .O527 1995 
100 1 |a Onasch, Konrad. 
245 1 0 |a Ikonen :  |b Faszination und Wirklichkeit /  |c Konrad Onasch, Annemarie Schnieper. 
260 |a Freiburg :  |b Herder,  |c c1995. 
300 |a 301 p. :  |b ill. (chiefly col.) ;  |c 34 cm. 
504 |a Includes bibliographical references (p. 290-292) and index. 
650 0 |a Icons. 
650 0 |a Christian art and symbolism. 
650 0 |a Art, Byzantine. 
650 0 |a Art, Russian. 
700 1 |a Schnieper, Annemarie. 
988 |a 20020608 
906 |0 OCLC